• 首页
  • 本馆介绍
  • 公告通知
  • 最新文献
  • 馆藏检索
  • 电子资源
  • 读者导购
  • 参考咨询
  • 我的图书馆
  • 登录
  • 详细信息显示
  • 放入我的书架
  • 预约/预借图书
  • 作者相关作品
  • 分类相关作品
  • 丛书相关作品
  • 出版社相关作品

书目信息

  • 表格格式
  • 工作单格式
  • 卡片格式
题名:
中国生物遗传资源现状与保护
    
 
作者: 薛达元 主编
分册:  
出版信息: 北京   中国环境科学出版社  2005
页数: 585页
开本: 26cm
丛书名:
单 册:
中图分类: Q311-12
科图分类:
主题词: 遗传--生物资源--资源保护--概况--中国 , 遗传 , 生物资源 , 资源保护
电子资源:
ISBN: 7-80163-984-7
000 01035nam0 2200301 450
001 002856101
005 20070807161837.42
010    @a7-80163-984-7@dCNY128.00
035    @a002856101
100    @a20050410d2005 emky0chiy0110 ea
101 0  @achi
102    @aCN@b110000
105    @ay zn 000yy
106    @ar
200 1  @a中国生物遗传资源现状与保护@Azhong guo sheng wu yi chuan zi yuan xian zhuang yu bao hu@f薛达元主编@Fxue da yuan zhu bian
210    @a北京@c中国环境科学出版社@d2005
215    @a585页@d26cm
300    @a国家环境保护总局研究项目成果
330    @a本书包括中国野生经济植物资源本底现状与保护对策、中国农作物遗传资源本底现状与保护对策、中国林木遗传资源本底现状与保护对策等14章。
510 1  @aStatus Quo and Protection of Bio - Genetic Resources in China@zeng
606 0  @a遗传@x生物资源@x资源保护@x概况@y中国
606 0  @a遗传
606 0  @a生物资源
606 0  @a资源保护
690    @aQ311-12@v4
701  0 @a薛达元@Axue da yuan@4主编
801  0 @aCN@bNLC@c20070807
905    @dQ311-12@e59@f1
    
    中国生物遗传资源现状与保护/薛达元主编.-北京:中国环境科学出版社,2005
    585页;26cm
    国家环境保护总局研究项目成果
    
    ISBN 7-80163-984-7:CNY128.00
    本书包括中国野生经济植物资源本底现状与保护对策、中国农作物遗传资源本底现状与保护对策、中国林木遗传资源本底现状与保护对策等14章。
●
相关链接 在E读中查询图书 在五车中查询图书 在当当中查询图书 在豆瓣中查询图书


正题名:中国生物遗传资源现状与保护     索取号:Q311-12/59         预约/预借

序号 登录号 条形码 馆藏地/架位号 状态 备注
1 0854013   208540131   第二样本阅览室/ [索取号:Q311-12/59] 在馆    
唐山师范学院图书馆 欢迎您!
大连网信软件有限公司© 版权所有